00710 a2200181 4500003000500000005001700005020001800022040000900040082001200049100002200061245007400083250001100157260002400168300001000192505026700202538003600469700002300505Nust20170207153553.0 a0-07-058309-9 cNust a621.3811 aSlurzberg, Morris00aEssentials of communication electronics /cM. Slurzberg, W. Osterheld a3. ed. aNew York ...,c1973 a791 s aRadio Sound and light wave Measurements (Page-1) Solid State Diodes (Page-27) Electron tube Diodes (Page-55) Transistors (Page-67) Electron Tubes (Page-50) Specialized Power Sources (Page-165) Biasing Circuits (Page-193) Types and Sources of Waveforms (Page-749) aAlmirah No. 130 and Shelf No. 11 aOsterheld, William